Compound crime : Cyber scam operations in Southeast Asia /

Bibliographic Details
Corporate Author: Global Initiative Against Transnational Organized Crime
Format: Book
Language:English
Published: Switzerland : Global Initiative Against Transnational Organized Crime, 2025.
Subjects:
Online Access:Full text available on GI-TOC
Classic Catalogue: View this record in Classic Catalogue
LEADER 01479nam a22002777a 4500
001 45181
003 BD-DhAAL
005 20260113123844.0
008 260113t2025 sz a|||| b||| 00| 0 eng d
040 |a BD-DhAAL  |c BD-DhAAL 
082 |a 364.168  |2 23 
245 |a Compound crime :  |b Cyber scam operations in Southeast Asia / 
260 |a Switzerland :  |b Global Initiative Against Transnational Organized Crime,  |c 2025. 
300 |a ii, 63 pages :  |b illustrations ;  |c 30 cm 
541 |a Donated by K. Shamsuddin Mahmood (Professor and Dean School of Law) BRAC University  |e 45181 
650 |a Computer crimes. 
650 |a Computer security. 
650 |a Computer crimes  |x Investigation.  |9 60174 
650 |a Scam compounds.  |9 60171 
650 |a Asian Criminology.  |9 60172 
650 |a Internet fraud  |z Southeast Asia.  |9 60167 
710 |a Global Initiative Against Transnational Organized Crime  |9 60173 
856 |z Full text available on GI-TOC  |u https://globalinitiative.net/wp-content/uploads/2025/05/GI-TOC-Compound-crime-Cyber-scam-operations-in-Southeast-Asia-May-2025.pdf 
942 |2 ddc  |c BK 
999 |c 47708  |d 47708 
952 |0 0  |1 0  |2 ddc  |4 0  |6 364_168000000000000_COM  |7 0  |8 RPT  |9 78670  |a BRACUL  |b BRACUL  |c REF  |d 2026-01-13  |e Donated by K. Shamsuddin Mahmood (Professor and Dean School of Law) BRAC University  |l 0  |o 364.168 COM  |p 3010045181  |r 2026-01-13  |t 1  |w 2026-01-13  |y BK  |x  Donated copy received from K. Shamsuddin Mahmood (Professor and Dean School of Law) BRAC University on 8 December 2025